000 01748nam a22001817a 4500
008 170714b xxu||||| |||| 00| 0 eng d
020 _a9781451191318
050 _aRT98.H373
100 _aHarkness, Gail A.
245 _aCommunity and public health nursing: evidence for practice. /
_cGail A. Harkness and Rosanna F. DeMarco.
250 _a2nd ed.
260 _aPhiladelphia:
_bWolters Kluwer,
_c2016.
300 _axvii, 558p.:
_bill.;
_c28cm.
500 _aIncludes bibliographical references and index.
505 _aContents: The Concept of public health nursing: Public health nursing: present, past, and future -- Public health systems -- Health policy, politics, and reform -- Health and the global environment -- Evidence-based practice and population health: Frameworks for health promotion, disease prevention, and risk reduction -- Epidemiology: the science of prevention -- Describing health conditions: understanding and using rates -- Gathering evidence for public health practice -- Implementing nursing practice in community settings: Planning for community change -- Cultural diversity and values -- Community assessment -- Care management, case management, and home healthcare -- Family assessment -- challenges in community and public health nursing: Risk of infectious and communicable diseases -- Emerging infectious diseases -- Violence and abuse -- Substance use -- Underserved populations -- Environmental health -- Community preparedness: disaster and terrorism -- Specialty practice: Community mental health -- School health -- Faith-oriented communities and health ministries in faith communities -- Palliative and end-of-life care -- Occupational health nursing.
700 _aDeMarco, Rosanna F.
942 _2lcc
_cBK
999 _c6395
_d13895